[Event "ICS rated blitz match"]
[Site "204.178.125.65"]
[Date "2000.03.11"]
[Round "?"]
[White "Hossa"]
[Black "Hirug"]
[Result "1-0"]
[WhiteElo "2482"]
[BlackElo "2376"]
[PlyCount "139"]

1. d4 d5 2. c4 e6 3. Nc3 c6 4. e3 f5 5. Nf3 Nf6 6. Be2 Bd6 7. O-O O-O 8. cxd5
exd5 9. Ne5 Ne4 10. f3 Nxc3 11. bxc3 Nd7 12. Nxd7 Qxd7 13. c4 dxc4 14. Bxc4+
Kh8 15. Kh1 Qe7 16. Rb1 b6 17. Qb3 Qh4 18. f4 Qe7 19. Bd2 Bd7 20. Rb2 Rae8 21.
Rg1 c5 22. Bd5 Qf6 23. Qa3 cxd4 24. Qxa7 dxe3 25. Bc1 Re7 26. Rxb6 e2 27. Rxd6
Qxd6 28. Ba3 Qxd5 29. Bxe7 Re8 30. Bb4 Bc6 31. Bc3 Qd7 32. Qf2 Kg8 33. Re1 Qd3
34. Be5 Bb5 35. Qa7 Qd7 36. Qxd7 Bxd7 37. Rxe2 Ra8 38. Kg1 Be6 39. Bxg7 Bxa2
40. Re7 Bd5 41. Bf6 h5 42. Rg7+ Kf8 43. Rg5 Ra2 44. h4 Be4 45. Bd4 Kf7 46. Bf2
Ra1+ 47. Kh2 Ra2 48. Bd4 Ke6 49. Be5 Kd5 50. Kg1 Kc4 51. Rg7 Kd3 52. Rg3+ Ke2
53. Rg5 Rc2 54. Rxh5 Rc1+ 55. Kh2 Rd1 56. Rg5 Kf1 57. h5 Rd2 58. h6 Bxg2 59. h7
Be4+ 60. Kh3 Rd3+ 61. Rg3 Rd8 62. Kh4 Kf2 63. Bf6 Re8 64. Rg8 Re6 65. h8=Q Kf3
66. Kg5 Ke3 67. Qh3+ Ke2 68. Qh2+ Kf1 69. Kh4 Ke1 70. Rg1# 1-0

[Event "ICS rated blitz match"]
[Site "204.178.125.65"]
[Date "2000.03.11"]
[Round "?"]
[White "Hirug"]
[Black "Hossa"]
[Result "0-1"]
[WhiteElo "2365"]
[BlackElo "2493"]
[PlyCount "104"]

1. e4 c5 2. Nf3 d6 3. g3 Nf6 4. d3 Nc6 5. Bg2 c4 6. O-O cxd3 7. cxd3 e6 8. Nc3
Be7 9. d4 d5 10. e5 Ne4 11. Re1 Nxc3 12. bxc3 O-O 13. h4 Na5 14. h5 h6 15. Bf1
Bd7 16. Bd3 Qc7 17. Bd2 Nc4 18. Bb1 f5 19. exf6 Rxf6 20. Bf4 Bd6 21. Ne5 Bxe5
22. dxe5 Rff8 23. Qd3 Rf5 24. Kg2 Be8 25. Qd4 Rxh5 26. g4 Rh4 27. Kg3 g5 28.
Be3 Nxe5 29. f4 Nxg4 30. Bd2 Bf7 31. Qd3 Rh3+ 32. Kxh3 Nf2+ 33. Kg2 Nxd3 34.
Bxd3 gxf4 35. Rh1 h5 36. Rag1 e5 37. Kf2+ Kf8 38. Rh4 Qb6+ 39. Kf1 e4 40. Be2
Qb1+ 41. Kf2 e3+ 42. Bxe3 fxe3+ 43. Kg2 Qb2 44. Kf3 Qxc3 45. Rd1 Re8 46. Rdd4
Qe1 47. Rh2 Be6 48. Kf4 Qc3 49. Rd1 Qc7+ 50. Kg5 Qg3+ 51. Kh6 Qf4+ 52. Kxh5
Bf7# 0-1

[Event "ICS rated blitz match"]
[Site "204.178.125.65"]
[Date "2000.03.11"]
[Round "?"]
[White "Amateur"]
[Black "Hossa"]
[Result "1/2-1/2"]
[WhiteElo "2534"]
[BlackElo "2503"]
[PlyCount "210"]

1. c4 e5 2. Nc3 Nf6 3. Nf3 Nc6 4. d4 e4 5. Ne5 Bb4 6. Bd2 Nxd4 7. e3 Nf5 8.
Nxe4 Bxd2+ 9. Nxd2 O-O 10. Be2 d6 11. Nd3 Kh8 12. O-O c6 13. Qb3 a5 14. Rac1 b6
15. Nf4 a4 16. Qa3 Re8 17. b3 g6 18. bxa4 Re5 19. Rb1 Ra7 20. Bf3 Bb7 21. Qb2
Rxa4 22. Qxb6 Qxb6 23. Rxb6 Ba8 24. Rb2 Re8 25. Rfb1 Ra5 26. Be2 Ra3 27. Nh3
Kg8 28. Nf4 Kh8 29. Bd3 Ng7 30. Nf3 Ne6 31. Nxe6 fxe6 32. Bc2 c5 33. Ng5 d5 34.
Nf7+ Kg7 35. Nd6 Re7 36. Nb5 Ra6 37. cxd5 exd5 38. Nc3 d4 39. exd4 cxd4 40. Nb5
Rd7 41. Rd1 Rb6 42. a4 Bc6 43. Rb3 Bxb5 44. axb5 Rd8 45. Ra1 Nd5 46. Ra6 Rb7
47. b6 Re8 48. Kf1 Nc3 49. Ra7 Ree7 50. Rxb7 Rxb7 51. Bd3 Kf7 52. f4 Ke6 53. g4
Kd6 54. f5 gxf5 55. Bxf5 Kc6 56. g5 Rf7 57. b7 Rxb7 58. Rxb7 Kxb7 59. Bxh7 Nd1
60. Be4+ Kb6 61. g6 Ne3+ 62. Ke1 Ng4 63. g7 Nh6 64. Bd5 Kc5 65. g8=Q Nxg8 66.
Bxg8 d3 67. Kd2 Kd6 68. Kxd3 Ke5 69. Ke3 Kf6 70. Kf4 Kg7 71. Bb3 Kh8 72. Kg5
Kg7 73. Bc2 Kh8 74. Kg6 Kg8 75. h4 Kh8 76. Be4 Kg8 77. Bf5 Kh8 78. Bd3 Kg8 79.
Be4 Kh8 80. Bc6 Kg8 81. Bb5 Kh8 82. Be2 Kg8 83. Bf3 Kh8 84. Bb7 Kg8 85. Bc6 Kh8
86. Bf3 Kg8 87. Bb7 Kh8 88. Bg2 Kg8 89. Bh1 Kh8 90. Ba8 Kg8 91. Bg2 Kh8 92. Bh1
Kg8 93. Ba8 Kh8 94. Kh6 Kg8 95. Bd5+ Kh8 96. Bc6 Kg8 97. Be4 Kh8 98. Bf5 Kg8
99. Kg6 Kh8 100. Bd3 Kg8 101. Bb5 Kh8 102. Be2 Kg8 103. Bc4+ Kh8 104. Ba6 Kg8
105. Bc8 Kh8 1/2-1/2

[Event "ICS rated blitz match"]
[Site "204.178.125.65"]
[Date "2000.03.11"]
[Round "?"]
[White "martiin"]
[Black "Hossa"]
[Result "0-1"]
[WhiteElo "2215"]
[BlackElo "2481"]
[PlyCount "26"]

1. e4 e5 2. Nf3 Nc6 3. Bb5 a6 4. Ba4 Nf6 5. O-O Be7 6. Re1 b5 7. Bb3 O-O 8. c3
d5 9. d3 dxe4 10. dxe4 Qxd1 11. Rxd1 Nxe4 12. Bd5 Rd8 13. Be3 Be6 0-1

[Event "ICS rated blitz match"]
[Site "204.178.125.65"]
[Date "2000.03.11"]
[Round "?"]
[White "Hossa"]
[Black "martiin"]
[Result "1-0"]
[WhiteElo "2485"]
[BlackElo "2207"]
[PlyCount "39"]

1. e4 c6 2. d4 d5 3. Nc3 dxe4 4. Nxe4 Nd7 5. Bd3 Ngf6 6. Ng5 e6 7. Ne2 Bd6 8.
O-O h6 9. Nf3 Qc7 10. c4 b6 11. Bd2 Bb7 12. Qa4 g5 13. Ng3 h5 14. Bxg5 h4 15.
Bxh4 O-O-O 16. Qxa7 c5 17. d5 exd5 18. cxd5 Bxd5 19. Ba6+ Bb7 20. Qa8+ 1-0

[Event "ICS rated blitz match"]
[Site "204.178.125.65"]
[Date "2000.03.11"]
[Round "?"]
[White "martiin"]
[Black "Hossa"]
[Result "0-1"]
[WhiteElo "2200"]
[BlackElo "2489"]
[PlyCount "100"]

1. e4 c5 2. Nf3 e6 3. d4 cxd4 4. Nxd4 Nf6 5. Nc3 d6 6. g4 h6 7. Rg1 Nc6 8. h4
Nxd4 9. Qxd4 Nd7 10. g5 hxg5 11. hxg5 Ne5 12. Be2 Bd7 13. Be3 Qa5 14. f4 Nc6
15. Qd2 O-O-O 16. O-O-O Kb8 17. Kb1 Nb4 18. a3 Nc6 19. g6 f5 20. exf5 Qxf5 21.
Rg5 Qf6 22. Ne4 Qe7 23. Rb5 Rh2 24. f5 exf5 25. Nc5 Bc8 26. Bg5 dxc5 27. Qf4+
Qc7 28. Rxd8 Nxd8 29. Qxc7+ Kxc7 30. Bf4+ Bd6 31. Rxc5+ Nc6 32. Bxh2 Bxh2 33.
Bd3 b6 34. Rc4 Bg3 35. b4 Be6 36. Rc3 Be5 37. Kb2 Kd6 38. Be2 Ne7 39. Bf3 Nxg6
40. a4 Nf4 41. Bb7 Ne2 42. a5 Bxc3+ 43. Kb1 Bxb4 44. axb6 axb6 45. Bf3 Nc3+ 46.
Ka1 g5 47. Bh5 g4 48. Kb2 Bd5 49. Ka1 g3 50. Kb2 g2 0-1

[Event "ICS rated blitz match"]
[Site "204.178.125.65"]
[Date "2000.03.11"]
[Round "?"]
[White "Hossa"]
[Black "martiin"]
[Result "1-0"]
[WhiteElo "2493"]
[BlackElo "2194"]
[PlyCount "79"]

1. e4 c6 2. d4 d5 3. Nc3 dxe4 4. Nxe4 Nd7 5. Ng5 Ngf6 6. Bd3 e6 7. N1f3 Bd6 8.
Qe2 h6 9. Ne4 Nxe4 10. Qxe4 Nf6 11. Qe2 Qc7 12. Bd2 b6 13. Ne5 Bb7 14. O-O
O-O-O 15. a4 c5 16. a5 Bxe5 17. dxe5 Nd7 18. axb6 axb6 19. Bc3 Nb8 20. Qg4 g6
21. Bb5 h5 22. Qc4 Bc6 23. Bxc6 Qxc6 24. Ra7 Rd7 25. Rfa1 Rhd8 26. Qe2 Rxa7 27.
Rxa7 Rd7 28. Ra1 Kb7 29. Qc4 Qd5 30. Qa4 Qc6 31. Qa2 Qd5 32. b3 Qd1+ 33. Be1
Qe2 34. Qa7+ Kc8 35. Qxb6 Qxc2 36. Ra8 Rb7 37. Qc6+ Rc7 38. Qb5 Rb7 39. Qe8+
Kc7 40. Ba5+ 1-0

[Event "ICS rated blitz match"]
[Site "204.178.125.65"]
[Date "2000.03.11"]
[Round "?"]
[White "markOpoleO"]
[Black "Hossa"]
[Result "1-0"]
[WhiteElo "2395"]
[BlackElo "2497"]
[PlyCount "157"]

1. e4 e5 2. Nf3 Nc6 3. d4 exd4 4. Nxd4 Bc5 5. Nb3 Bb6 6. Bd3 Qh4 7. O-O Nf6 8.
Qd2 Ng4 9. Qf4 h5 10. h3 f6 11. Nc3 g5 12. Qf5 Ne7 13. Qf3 Rh6 14. Nd5 Ne5 15.
Qe2 Nxd3 16. cxd3 d6 17. Be3 c5 18. Nxe7 Kxe7 19. Nd2 Bg4 20. Qe1 Ke8 21. Rc1
Rh7 22. Nc4 Bc7 23. Qc3 Ke7 24. d4 Bxh3 25. gxh3 Qxh3 26. Bd2 Qg4+ 27. Qg3
Qxg3+ 28. fxg3 cxd4 29. Rf5 h4 30. gxh4 Rxh4 31. Rxg5 Kf7 32. Rg2 Rxe4 33. Bh6
Bb8 34. Rg7+ Ke6 35. Rxb7 d5 36. Nd2 Rg4+ 37. Kf2 Bd6 38. Nf3 Rh8 39. Bd2 Bg3+
40. Ke2 Rb8 41. Rc6+ Kf5 42. Rf7 Be5 43. Nxe5 Kxe5 44. Rfxf6 d3+ 45. Kxd3 Re8
46. Rf7 Rd4+ 47. Kc2 Ra4 48. Kb3 Rh4 49. Rxa7 d4 50. Bb4 Kd5 51. Rd6+ Ke4 52.
Kc4 Ke3 53. Bc5 Rh1 54. Bxd4+ Ke4 55. a4 Ra1 56. b4 Rc1+ 57. Kb3 Rd1 58. Rad7
Rb1+ 59. Kc4 Kf3 60. a5 Ke4 61. a6 Rc1+ 62. Kb5 Rb8+ 63. Ka5 Rf8 64. Re7+ Kf3
65. a7 Rcc8 66. Kb6 Kg4 67. Kb7 Ra8 68. Rg6+ Kf5 69. Rg1 Rg8 70. Rxg8 Rxg8 71.
a8=Q Rxa8 72. Kxa8 Kf4 73. b5 Kf5 74. b6 Kg5 75. b7 Kf5 76. b8=Q Kg4 77. Rf7
Kg5 78. Rg7+ Kf5 79. Qe5# 1-0

[Event "ICS rated blitz match"]
[Site "204.178.125.65"]
[Date "2000.03.11"]
[Round "?"]
[White "LeePoo"]
[Black "Hossa"]
[Result "1-0"]
[WhiteElo "2225"]
[BlackElo "2476"]
[PlyCount "55"]

1. c4 e5 2. Nc3 Nf6 3. e4 Bc5 4. g3 Nc6 5. Bg2 d6 6. h3 Bd7 7. Nge2 O-O 8. O-O
Qc8 9. Kh2 Re8 10. d3 Nd4 11. f4 Be6 12. f5 Bd7 13. g4 h6 14. Ng3 Bc6 15. h4
Bd7 16. g5 hxg5 17. hxg5 Nh7 18. Qh5 b5 19. Nd5 Nf8 20. Nf6+ gxf6 21. gxf6 Nfe6
22. fxe6 Nxe6 23. Rf5 Bg1+ 24. Kxg1 Re7 25. Rg5+ Nxg5 26. Qxg5+ Kf8 27. Qg7+
Ke8 28. Qg8# 1-0

[Event "ICS rated blitz match"]
[Site "204.178.125.65"]
[Date "2000.03.11"]
[Round "?"]
[White "Hossa"]
[Black "Bongo"]
[Result "1-0"]
[WhiteElo "2469"]
[BlackElo "2095"]
[PlyCount "55"]

1. e4 c5 2. Nf3 d6 3. d4 cxd4 4. Nxd4 Nf6 5. Nc3 a6 6. Bg5 e6 7. f4 b5 8. e5
dxe5 9. fxe5 Qc7 10. exf6 Qe5+ 11. Be2 Qxg5 12. Qd3 Qxf6 13. Rf1 Qe5 14. Rd1
Ra7 15. Nf3 Qc7 16. Ng5 f5 17. Qd4 h5 18. Rxf5 exf5 19. Nd5 Qd7 20. Rd3 Nc6 21.
Re3+ Ne7 22. Nf6+ gxf6 23. Qxf6 f4 24. Qf7+ Kd8 25. Rd3 Qxd3 26. cxd3 Bf5 27.
Qf6 Rg8 28. Nf7+ 1-0

[Event "ICS rated blitz match"]
[Site "204.178.125.65"]
[Date "2000.03.11"]
[Round "?"]
[White "Hossa"]
[Black "Amateur"]
[Result "0-1"]
[WhiteElo "2459"]
[BlackElo "2531"]
[PlyCount "154"]

1. e4 c5 2. Nf3 e6 3. d4 cxd4 4. Nxd4 a6 5. Nc3 Bb4 6. Bd2 Nf6 7. e5 Bxc3 8.
bxc3 Nd5 9. Qg4 g6 10. c4 Ne7 11. Bd3 d5 12. cxd5 Qxd5 13. Nf3 Nd7 14. O-O Nxe5
15. Nxe5 Qxe5 16. Qa4+ Bd7 17. Qb3 Bc6 18. c4 O-O 19. Rfe1 Qd4 20. Rad1 Qg4 21.
Bf1 Rfd8 22. Bc3 Nf5 23. Be5 Nd4 24. h3 Nxb3 25. hxg4 Nd2 26. Bf6 Rd7 27. Bg5
Nxf1 28. Kxf1 Rxd1 29. Rxd1 Kg7 30. Rd8 Rxd8 31. Bxd8 Be4 32. c5 Bd3+ 33. Ke1
h6 34. Bb6 e5 35. f3 Kf6 36. Kd2 Bf1 37. g3 Ke6 38. a4 Kd5 39. Ke3 f5 40. gxf5
gxf5 41. Kf2 Bd3 42. a5 Bc2 43. Ke2 Ba4 44. Bc7 e4 45. Bb6 Bb5+ 46. Ke3 Ba4 47.
Ke2 Ke5 48. Ke3 Bd1 49. Bc7+ Kd5 50. g4 fxg4 51. fxe4+ Kxc5 52. Kf4 Bf3 53.
Bb6+ Kd6 54. Kf5 Be2 55. e5+ Kd5 56. e6 Kd6 57. Bf2 h5 58. Kf6 Bb5 59. Bg3+ Kc5
60. Bf2+ Kd5 61. Kf7 Ke4 62. e7 Kf3 63. Bg1 h4 64. Bd4 h3 65. Be5 g3 66. e8=Q
Bxe8+ 67. Kxe8 h2 68. Kd7 h1=Q 69. Bxg3 Kxg3 70. Ke6 Kf4 71. Kf6 Qa1+ 72. Ke7
Qxa5 73. Kf6 Qe5+ 74. Kf7 Kf5 75. Kg8 Kf6 76. Kh7 Qc7+ 77. Kg8 Qg7# 0-1

[Event "ICS rated blitz match"]
[Site "204.178.125.65"]
[Date "2000.03.11"]
[Round "?"]
[White "E2-Ebeer"]
[Black "Hossa"]
[Result "0-1"]
[WhiteElo "2179"]
[BlackElo "2446"]
[PlyCount "40"]

1. Nf3 d5 2. c4 e6 3. d4 Nf6 4. Nc3 Bb4 5. Bg5 O-O 6. e3 Nbd7 7. Bd3 dxc4 8.
Bxc4 Nb6 9. Bd3 Nbd5 10. Qc2 Kh8 11. O-O Nxc3 12. bxc3 Be7 13. e4 Ng8 14. Be3
Nf6 15. Rad1 Ng4 16. Bf4 b6 17. e5 f5 18. exf6 Nxf6 19. Rfe1 c5 20. Ng5 Nd5 0-1

[Event "ICS rated blitz match"]
[Site "204.178.125.65"]
[Date "2000.03.11"]
[Round "?"]
[White "Myth"]
[Black "Hossa"]
[Result "1-0"]
[WhiteElo "2157"]
[BlackElo "2452"]
[PlyCount "101"]

1. Nf3 d5 2. b3 c5 3. Bb2 f6 4. e3 e5 5. Bb5+ Nc6 6. c4 dxc4 7. Bxc4 e4 8. Nh4
Nh6 9. Qh5+ g6 10. Qd5 Qxd5 11. Bxd5 Bg7 12. Bxe4 Bd7 13. O-O Nf7 14. Rc1 b6
15. b4 Rb8 16. bxc5 bxc5 17. Rxc5 Ncd8 18. Bc3 Nd6 19. Bf3 Ne6 20. Ra5 Nb5 21.
a4 Nxc3 22. Nxc3 Rb2 23. d4 Rc2 24. Nb5 O-O 25. Rxa7 Rfc8 26. Re1 Rc1 27. Kf1
Bxb5+ 28. axb5 Kh8 29. b6 Bf8 30. b7 Rxe1+ 31. Kxe1 Rb8 32. Bd5 Nd8 33. Nf3 Kg7
34. e4 Bd6 35. e5 Be7 36. Ra8 Rxb7 37. Bxb7 Ne6 38. d5 Bb4+ 39. Kf1 Nc5 40. e6
Nd3 41. Nd4 Bd6 42. Nb5 Bc5 43. d6 Bxd6 44. Nxd6 f5 45. e7 Kf6 46. e8=Q Nf4 47.
Qh8+ Kg5 48. Nf7+ Kg4 49. Bf3+ Kh4 50. Qd8+ g5 51. Qxg5# 1-0

[Event "ICS rated bullet match"]
[Site "204.178.125.65"]
[Date "2000.03.11"]
[Round "?"]
[White "Hossa"]
[Black "Myth"]
[Result "1/2-1/2"]
[WhiteElo "2406"]
[BlackElo "2516"]
[PlyCount "257"]

1. e4 e5 2. Bc4 Nf6 3. d3 Nc6 4. Nf3 Be7 5. Nc3 d6 6. Be3 Na5 7. Bb3 Nxb3 8.
axb3 Bg4 9. h3 Bh5 10. g4 Bg6 11. g5 Nh5 12. Nd5 a6 13. b4 Nf4 14. Bxf4 exf4
15. h4 f6 16. Nd4 Bf7 17. Nxe7 Qxe7 18. Nf5 Qe5 19. Nxg7+ Kd8 20. Nf5 fxg5 21.
hxg5 Qxb2 22. Rb1 Qe5 23. f3 Bg6 24. d4 Qe6 25. d5 Qd7 26. Nd4 Bf7 27. Qd2 Qe7
28. Qxf4 Bxd5 29. Nf5 Qe8 30. Nxd6 Qe6 31. Nf5 Ba2 32. Rd1+ Kc8 33. Qe3 Qe8 34.
Qc3 Kb8 35. Rd7 Qxd7 36. Qxh8+ Ka7 37. Rxh7 Rxh8 38. Rxd7 Rh1+ 39. Kd2 Kb6 40.
Kc3 Rg1 41. Kb2 Bc4 42. Rg7 Be2 43. f4 Bf3 44. Re7 c5 45. Re6+ Kb5 46. Nd6+
Kxb4 47. Nxb7 Rg2 48. g6 a5 49. Rb6+ Kc4 50. Nxa5+ Kd4 51. Nb3+ Kxe4 52. Nxc5+
Kf5 53. Kc3 Bh5 54. Nd3 Bxg6 55. Ra6 Bf7 56. Ra5+ Kf6 57. Ne5 Be6 58. Kb2 Bf5
59. Rc5 Rf2 60. Rc6+ Ke7 61. Rc4 Rg2 62. Rc7+ Kd6 63. Rc3 Rf2 64. Nc4+ Ke6 65.
Ne3 Be4 66. Ra3 Rxf4 67. c4 Ke5 68. Kc3 Rf3 69. Kb4 Rf8 70. c5 Kd4 71. Nc4 Bd3
72. Nb6 Rf1 73. Nd7 Rb1+ 74. Ka5 Rb5+ 75. Ka4 Rb7 76. c6 Bb5+ 77. Ka5 Bxc6 78.
Ka6 Rxd7 79. Kb6 Bh1 80. Ra4+ Kd5 81. Ra5+ Kd6 82. Ra7 Rd8 83. Kb5 Rc8 84. Ra6+
Kd5 85. Rf6 Be4 86. Kb4 Rc4+ 87. Kb5 Rc1 88. Kb4 Kd4 89. Rd6+ Bd5 90. Rd7 Rb1+
91. Ka4 Kc5 92. Rc7+ Bc6+ 93. Ka3 Rb6 94. Ka2 Kd4 95. Re7 Bd5+ 96. Ka3 Kc3 97.
Re3+ Kc4 98. Rg3 Kc5 99. Rc3+ Bc4 100. Re3 Rb7 101. Re5+ Bd5 102. Re3 Rb4 103.
Rc3+ Bc4 104. Rc2 Rb1 105. Rc3 Rb7 106. Rc2 Rb6 107. Rc1 Rb8 108. Rc2 Rb5 109.
Rc1 Kd5 110. Rd1+ Kc6 111. Rd4 Kc5 112. Rd7 Rb3+ 113. Ka4 Be6 114. Rc7+ Kb6
115. Rc8 Rd3 116. Rb8+ Kc5 117. Rb5+ Kc4 118. Rb4+ Kc3 119. Rb6 Bc4 120. Ka3
Rd1 121. Rb3+ Kd4 122. Rg3 Rb1 123. Ka4 Bd3 124. Rg5 Kc4 125. Ka5 Be4 126. Re5
Kd4 127. Rb5 Ra1+ 128. Kb4 Kd3 129. Rc5 1/2-1/2

[Event "ICS rated blitz match"]
[Site "204.178.125.65"]
[Date "2000.03.11"]
[Round "?"]
[White "Hossa"]
[Black "TolkienX"]
[Result "0-1"]
[WhiteElo "2447"]
[BlackElo "2574"]
[PlyCount "102"]

1. Nf3 Nf6 2. g3 g6 3. Bg2 Bg7 4. O-O O-O 5. d4 d6 6. c4 Nbd7 7. Nc3 e5 8. dxe5
dxe5 9. Bg5 h6 10. Be3 Qe7 11. Qc1 Ng4 12. Nd5 Qd8 13. Bd2 e4 14. Nh4 Ndf6 15.
Nxf6+ Qxf6 16. Bxe4 Rd8 17. Bc3 Qe7 18. Bxg7 Qxe4 19. Bxh6 Qxe2 20. Qg5 Rd6 21.
Rae1 Qxc4 22. b3 Qc6 23. Re7 Re6 24. Rxe6 Qxe6 25. Qd8+ Kh7 26. Bg5 Qd7 27. Qf8
b6 28. Re1 Qd5 29. Qe7 Bd7 30. Bf4 Re8 31. Qxe8 Bxe8 32. Rxe8 g5 33. h3 gxh4
34. Kf1 Qb5+ 35. Re2 Nh2+ 36. Ke1 Nf3+ 37. Kd1 Qd3+ 38. Rd2 Nxd2 39. Bxd2 hxg3
40. fxg3 Qxg3 41. Kc2 f5 42. Bc3 f4 43. Bd4 c5 44. Be5 Qf2+ 45. Kd1 f3 46. Bf4
Qe2+ 47. Kc1 f2 48. Bd2 f1=Q+ 49. Kc2 Qfd1+ 50. Kb2 Qdxd2+ 51. Ka3 Qxa2# 0-1

[Event "ICS rated blitz match"]
[Site "204.178.125.65"]
[Date "2000.03.11"]
[Round "?"]
[White "PostModernist"]
[Black "Hossa"]
[Result "1-0"]
[WhiteElo "2582"]
[BlackElo "2437"]
[PlyCount "147"]

1. d4 Nf6 2. c4 e6 3. Nf3 b6 4. g3 Ba6 5. b3 Bb4+ 6. Bd2 Be7 7. Bg2 c6 8. O-O
d5 9. Ne5 Nfd7 10. Nxd7 Nxd7 11. Bc3 O-O 12. Nd2 b5 13. Re1 bxc4 14. bxc4 Rb8
15. Qa4 Qc8 16. cxd5 cxd5 17. Rac1 Qb7 18. Rb1 Nb6 19. Qc2 Rfc8 20. Rb3 Qc7 21.
Bf3 Na4 22. Rxb8 Rxb8 23. Qxa4 Qxc3 24. Rd1 Qc8 25. Nb3 Rb4 26. Qa5 Rc4 27. Qd2
Rc2 28. Rc1 Rxc1+ 29. Nxc1 Qc6 30. h4 Qa4 31. e3 Ba3 32. Nb3 Qc4 33. Qd1 Bb5
34. Bg2 Qc3 35. Qd2 Qc7 36. Bf1 Ba4 37. Bd3 f6 38. Qd1 e5 39. dxe5 fxe5 40. Bb5
Bxb3 41. Qxb3 Qb7 42. Qxa3 Qxb5 43. Qxa7 d4 44. a4 Qb1+ 45. Kh2 Qf5 46. Qa8+
Qf8 47. Qxf8+ Kxf8 48. Kg2 d3 49. Kf1 Ke7 50. e4 Kd6 51. f4 g6 52. f5 gxf5 53.
exf5 e4 54. a5 d2 55. Ke2 d1=Q+ 56. Kxd1 Ke5 57. g4 Kd6 58. a6 Kc6 59. f6 e3
60. f7 Kb6 61. f8=Q Kxa6 62. Qh6+ Kb5 63. Qxh7 Kc5 64. Qe7+ Kd5 65. g5 Kc6 66.
g6 e2+ 67. Kxe2 Kd5 68. g7 Kd4 69. g8=Q Kc3 70. Qe5+ Kb4 71. Qgb8+ Ka4 72.
Qeb5+ Ka3 73. Qd6+ Ka2 74. Qda6# 1-0

[Event "ICS rated blitz match"]
[Site "204.178.125.65"]
[Date "2000.03.11"]
[Round "?"]
[White "Hossa"]
[Black "Tinker"]
[Result "1/2-1/2"]
[WhiteElo "2448"]
[BlackElo "2450"]
[PlyCount "137"]

1. e4 e5 2. Nf3 Nc6 3. Nc3 d6 4. Bb5 Bg4 5. d3 Nge7 6. Be3 a6 7. Ba4 b5 8. Bb3
b4 9. Nd5 Nxd5 10. Bxd5 Qd7 11. Rc1 Be6 12. d4 exd4 13. Nxd4 Bxd5 14. exd5 Ne7
15. Qd3 Qa4 16. Qc4 Qa5 17. O-O Qc5 18. Qb3 Qxd5 19. Qa4+ c6 20. Qxb4 Rd8 21.
c4 Qe4 22. Rfe1 c5 23. Qa4+ Rd7 24. Ne2 Qc6 25. Qa3 Rb7 26. Bf4 g5 27. Bd2 Bg7
28. Nc3 g4 29. Bg5 Be5 30. Bxe7 Rxe7 31. Nd5 Re6 32. Qb3 O-O 33. Qd1 g3 34.
hxg3 Qb7 35. b3 Kh8 36. Qh5 Bd4 37. Re2 Rxe2 38. Qxe2 Qd7 39. Qh5 Qe6 40. Rf1
Rg8 41. Nf4 Qf6 42. Qd5 Be5 43. Ne2 a5 44. Re1 Qg7 45. Qd2 Ra8 46. f4 Bf6 47.
Qxd6 Re8 48. Qc6 Bd4+ 49. Kf1 Rg8 50. Qc7 Ra8 51. Nxd4 cxd4 52. f5 d3 53. Rd1
Qb2 54. Qe7 Rg8 55. Rxd3 Qb1+ 56. Ke2 Qc2+ 57. Rd2 Qxf5 58. Rd3 Qg6 59. c5 f6
60. c6 Re8 61. Rd8 Qc2+ 62. Ke1 Qc1+ 63. Kf2 Qc2+ 64. Kg1 Qc1+ 65. Kh2 Qh6+ 66.
Kg1 Qc1+ 67. Kf2 Qc2+ 68. Kg1 Qc1+ 69. Kf2 1/2-1/2

[Event "ICS Rated blitz match"]
[Site "204.178.125.65"]
[Date "2000.03.11"]
[Round "?"]
[White "Tinker"]
[Black "Hossa"]
[Result "1/2-1/2"]
[WhiteElo "2450"]
[BlackElo "2448"]
[PlyCount "43"]

1. e4 d5 2. exd5 Qxd5 3. Nc3 Qa5 4. d4 Nf6 5. Bd2 Qb6 6. Nge2 Bd7 7. Rb1 Na6 8.
b4 O-O-O 9. b5 Nb8 10. Na4 Qe6 11. Nc5 Qd5 12. a4 e5 13. dxe5 Qxe5 14. Nd3 Qe8
15. Bg5 Bd6 16. Bxf6 gxf6 17. Qd2 Qe7 18. Qa5 Bc5 19. Qc3 Bd6 20. Qa5 Bc5 21.
Qc3 Bd6 22. Qa5 1/2-1/2

[Event "ICS rated blitz match"]
[Site "204.178.125.65"]
[Date "2000.03.11"]
[Round "?"]
[White "Hossa"]
[Black "darthweber"]
[Result "1/2-1/2"]
[WhiteElo "2448"]
[BlackElo "2164"]
[PlyCount "61"]

1. e4 c5 2. Nf3 d6 3. d4 cxd4 4. Nxd4 Nf6 5. Nc3 a6 6. Bg5 e6 7. f4 h6 8. Bh4
Be7 9. Qf3 Qc7 10. Be2 Nbd7 11. O-O-O b5 12. e5 Bb7 13. Qg3 dxe5 14. fxe5 Qxe5
15. Bf3 Qxg3 16. Bxg3 Bxf3 17. gxf3 Rc8 18. Kb1 Nb6 19. Bf2 Nfd5 20. Ne4 O-O
21. Rhg1 Kh7 22. Bg3 Rfd8 23. Bf2 g6 24. h3 e5 25. Nb3 f5 26. Nec5 Bxc5 27.
Nxc5 Nc4 28. Nb7 Rd7 29. Nc5 Rdd8 30. Nb7 Rd7 31. Nc5 1/2-1/2

[Event "ICS Rated blitz match"]
[Site "204.178.125.65"]
[Date "2000.03.11"]
[Round "?"]
[White "darthweber"]
[Black "Hossa"]
[Result "0-1"]
[WhiteElo "2193"]
[BlackElo "2437"]
[PlyCount "50"]

1. Nf3 d5 2. g3 Nf6 3. Bg2 c6 4. O-O Bf5 5. d3 e6 6. c4 Nbd7 7. Nc3 dxc4 8.
dxc4 Bb4 9. Qb3 Bxc3 10. Qxc3 O-O 11. Bf4 Ne4 12. Qc1 Qf6 13. Nd2 Ng5 14. e4
Nh3+ 15. Kh1 Nxf4 16. gxf4 Bg6 17. Nb3 Rfd8 18. e5 Qh4 19. Qe3 Nb6 20. Na5 Rd3
21. Qc5 Qxf4 22. Nxb7 Nxc4 23. Qxc6 Nxe5 24. Qc7 Be4 25. Nc5 Rh3 0-1

[Event "ICS rated blitz match"]
[Site "204.178.125.65"]
[Date "2000.03.11"]
[Round "?"]
[White "Hossa"]
[Black "darthweber"]
[Result "1-0"]
[WhiteElo "2443"]
[BlackElo "2187"]
[PlyCount "27"]

1. e4 g6 2. d4 Bg7 3. Nf3 d6 4. Nc3 c6 5. Bd3 b5 6. O-O Nd7 7. Bd2 Nb6 8. e5 d5
9. a4 a6 10. axb5 axb5 11. Rxa8 Nxa8 12. Qa1 Bg4 13. Qa6 Qc8 14. Ra1 1-0

[Event "ICS Rated bullet match"]
[Site "204.178.125.65"]
[Date "2000.03.11"]
[Round "?"]
[White "PostModernist"]
[Black "BountyHunter"]
[Result "1-0"]
[WhiteElo "2528"]
[BlackElo "2762"]
[PlyCount "151"]

1. c4 e5 2. g3 Nf6 3. Nc3 d5 4. cxd5 Nxd5 5. Bg2 Nb6 6. Nf3 Nc6 7. O-O Be7 8.
a3 O-O 9. b4 Re8 10. d3 Bf8 11. Rb1 Nd4 12. Nd2 c6 13. e3 Nf5 14. Nc4 f6 15. b5
Nd5 16. Ne2 cxb5 17. Rxb5 Nb6 18. Nxb6 axb6 19. Qb3+ Be6 20. Bd5 Qd7 21. Bxe6+
Qxe6 22. Rxb6 Qxb3 23. Rxb3 Rec8 24. f4 Bc5 25. Kf2 Rc7 26. g4 Ne7 27. fxe5
fxe5 28. Nc3 Ra6 29. Ne4 Nd5 30. Ke2 Rh6 31. Rf2 Bb6 32. Bd2 Rc2 33. Kf3 Rh3+
34. Kg2 Rh6 35. g5 Rhc6 36. Kg3 Rc7 37. Rb5 Rd7 38. Rf3 Rd8 39. a4 Rd7 40. a5
Ba7 41. h4 Rc6 42. h5 Rc2 43. Kh3 Rc6 44. Rb1 Rcc7 45. Kh4 Rc8 46. Ra1 Ne7 47.
a6 bxa6 48. Rxa6 Rcc7 49. Ra3 Nc6 50. Rb3 Rb7 51. Rc3 Ne7 52. Kg3 Rb2 53. Rc4
Rbb7 54. Bb4 Rd8 55. Bxe7 Rxe7 56. h6 Red7 57. hxg7 Rxg7 58. Kh2 Rb7 59. Nf6+
Kg7 60. Rh4 Rh8 61. Rh6 e4 62. dxe4 Bb8+ 63. Kh3 Rb1 64. Kg4 Bc7 65. Rfh3 Bb8
66. Rxh7+ Rxh7 67. Rxh7+ Kg6 68. Rh6+ Kf7 69. Nh5 Be5 70. g6+ Kg8 71. Rh7 Rb6
72. Kf5 Rb5 73. Rd7 Bc3+ 74. Rd5 Ra5 75. Rxa5 Bxa5 76. g7 1-0